000 00355nam a2200133Ia 4500
008 240624s9999 xx 000 0 und d
041 _aeng
082 _a025.2 KAO
100 _aKAO MARY L
245 _aINTRODUCTION TO TECHNICAL SERVICES FOR L
260 _c2006
_aMumbai
_bJaico Publishing House
300 _axii, : 113 : p. : cm. ; 25
365 _cRS
_b30
999 _c5488
_d5488